रानात चालताना (Record no. 436396)

MARC details
000 -LEADER
fixed length control field 00459nam a2200145Ia 4500
008 - FIXED-LENGTH DATA ELEMENTS--GENERAL INFORMATION
fixed length control field 100122s9999 xx 000 0 und d
082 ## - DEWEY DECIMAL CLASSIFICATION NUMBER
Item number 61749
Classification number 821
100 ## - MAIN ENTRY--PERSONAL NAME
Personal name सप्रे मधुवंती
245 ## - TITLE STATEMENT
Title रानात चालताना
260 ## - PUBLICATION, DISTRIBUTION, ETC. (IMPRINT)
Name of publisher, distributor, etc उत्कर्ष प्रकाशन
Date of publication, distribution, etc 2002
300 ## - PHYSICAL DESCRIPTION
Extent 70
630 ## - SUBJECT ADDED ENTRY--UNIFORM TITLE
Uniform title रानात चालताना
730 ## - ADDED ENTRY--UNIFORM TITLE
Uniform title रानात चालताना
942 ## - ADDED ENTRY ELEMENTS (KOHA)
Koha item type Book
Holdings
Withdrawn status Lost status Damaged status Not for loan Home library Current library Date acquired Cost, normal purchase price Total Checkouts Full call number Barcode Date last seen Cost, replacement price Price effective from Koha item type Public note
        S.V. Pathak Library, Vile Parle S.V. Pathak Library, Vile Parle 09/03/2002 60.00   61749 SVPPARLE-61749 01/25/2010 60.00 01/25/2010 Book General NA